000 00321 a2200157 4500
001 171363
020 _a
040 _cMagnum
100 _aBotelho, Mariza Andrade Maia
240 1 0 _aDona gigi
_lpor
245 1 0 _aDona gigi
300 _a59
362 0 _a1990
697 _aLITERATURA INFANTO-JUVENIL
942 _cBK
999 _c171363
_d171363